| 000 | 00579nam a22002057a 4500 | ||
|---|---|---|---|
| 003 | OSt | ||
| 005 | 20170210151234.0 | ||
| 008 | 170210b xxu||||| |||| 00| 0 eng d | ||
| 020 | _a0824701437 | ||
| 040 | _cDNLM. | ||
| 082 | _aWV270 G281h 1998. | ||
| 100 |
_aGelfand,A.Stanley; _911520 |
||
| 245 |
_aHearing : _bAn Introduction to Psychological and Physiological Acoustics. |
||
| 250 | _a3rd ed. | ||
| 260 |
_aNew York. _bMarcel Dekker,inc. _c1998. |
||
| 300 |
_aviii,470p; _bcol,ill; _c26cm. |
||
| 504 | _aincludes index. | ||
| 650 |
_aAcoustics. _911521 |
||
| 942 |
_2z _cO_SHELF |
||
| 999 |
_c5522 _d5522 |
||